000 01152aab a22002054i 4500
001 768714001
003 CO-MdFUSB
005 20240530115257.0
008 170508s1992 cr ||||| |||| 00| 0 spa d
040 _aCO-MdFUSB
_bspa
_cCO-MdFUSB
_dCO-MdFUSB
041 _aspa
100 1 _aRamírez, Eduardo M.
_eautor
245 1 0 _aJóvenes :
_b¿es hora de cambiar?
_c/ Eduardo M. Ramírez
300 _aVolumen 10. Número 1 (1992), páginas 33-34
_c: 27 cm.
520 _aDios nos ha llamado a cada uno para ministrar dentro de una sociedad y una cultura específica. El ministerio consiste, entonces, en servir a las personas a nuestro cuidado, de la manera más adecuada dentro de su propia cultura. es una acción que va de nosotros hacia ellos, y para beneficio de ellos. Dios nos ha capacitado para enriquecer a otros, y al hacerlo, perfeccionar el cuerpo de Cristo. Pero quebraremos este principio cada vez que busquemos un beneficio personal en nuestras acciones.
650 0 _9228
_aConsejería pastoral
773 0 _tApuntes Pastorales
_049442
_960137
_gVolumen 10. Número 1 (1992), páginas 33-34
_qPágina 33
942 _cANA
945 _aJTF-925
999 _c49735
_d49735